Nový čas víkend

Podrobná bibliografia
Predchádzajúci názov:Nový víkendový časopis
Ďalší autori: Moroňová, Teresa (Šéfredaktor, zodpovedný redaktor)
Médium: Časopis
Jazyk:slovenčina
Fyzický popis:zv. 35 cm
Vydavateľské údaje: Bratislava Vydavateľstvo časopisov a novín 2002-
Bratislava Ringier Axel Springer Slovakia
Bratislava Nový čas
Bratislava FPD Media
Predmet:

MARC

LEADER 00000cas a2200000 a 4500
001 vtls008881909
003 SK-MaSNL
005 20260228162216.0
008 160624c20029999xo wr|p 0 0 b0slo
035 |a (SVKBB03)vtls000107079 
040 |a SVKBB  |b slo  |c SVKBB  |d SNK  |e AACR2 
041 0 |a slo 
043 |a e-xo--- 
044 |a xo  |c SK 
072 7 |a 79  |x Rekreácia. Voľný čas. Zábavy. Hry. Šport  |2 konspekt 
080 |a 050  |2 2001 
080 |a 379.8  |2 2011 
080 |a 79  |2 2011 
080 |a 7.097(055)  |2 2011 
245 0 0 |a Nový čas víkend 
246 1 3 |a Nový víkendový časopis  |b pravidelná príloha sobotného vydania denníka Nový čas  |f 2001-22/2002 
260 |a Bratislava  |b Vydavateľstvo časopisov a novín  |c 2002- 
260 2 |3 2004-27/2018  |a Bratislava  |b Ringier Axel Springer Slovakia 
260 2 |3 28/2018-22/2019  |a Bratislava  |b Nový čas 
260 3 |3 23/2019-  |a Bratislava  |b FPD Media 
300 |a zv.  |c 35 cm 
310 |a 1x týždenne 
362 0 |a Č. 23 (2002)- 
500 |a Zodp. red.: 2002, Elena Budinská 
500 |a Šéfred.: Teresa Moroňová 
500 |a V rokoch 1997-22/2002 vychádzal pod názvom Nový víkendový časopis 
515 |a Č. [28] (2014) označené ako x/2014 
525 |a Je pravidelnou prílohou k sobotnému vydaniu Nového času 
650 0 7 |a zábava  |2 SNKPH  |9 3354 
650 0 7 |a voľný čas  |2 SNKPH  |9 3355 
655 7 |a televízne programy  |2 SNKPH  |9 167903 
700 1 |a Budinská, Elena  |4 lso  |9 267113 
700 1 |a Moroňová, Teresa  |4 pbd  |9 266027 
772 0 |t Nový čas  |x 1335-4655  |w vtls001468473 
780 0 0 |t Nový víkendový časopis 
910 |a snk 
916 |a 2002-2012 
999 |c 7138  |d 9068 
952 |0 0  |1 0  |4 0  |7 0  |8 0  |a SNK  |b SNK  |d 2010-03-30  |f 1  |i snk2010/6523  |l 0  |o snkČSB 5686/2007/1  |p 17A0635615  |r 2026-02-21 19:32:16  |t č. 2-26  |w 2026-02-21  |y PREZ  |z Chýba č. 16. Je aj 1 príloha. 
952 |0 0  |1 0  |4 0  |7 0  |8 0  |a SNK  |b SNK  |d 2010-03-30  |i snk2010/6527  |l 0  |o snkČSB 5686/2007/1 D1  |p 17A0635616  |r 2026-02-21 19:32:16  |t č. 2-26  |w 2026-02-21  |y PREZ  |z Chýba č. 16. Je aj 1 príloha. 
952 |0 0  |1 0  |4 0  |7 0  |8 0  |a SNK  |b SNK  |d 2010-03-30  |f 1  |i snk2010/6530  |l 0  |o snkČSB 5686/2007/2  |p 17A0635617  |r 2026-02-21 19:32:16  |t č. 27-52  |w 2026-02-21  |y PREZ 
952 |0 0  |1 0  |4 0  |7 0  |8 0  |a SNK  |b SNK  |d 2010-03-30  |i snk2010/6531  |l 0  |o snkČSB 5686/2007/2 D1  |p 17A0635618  |r 2026-02-21 19:32:16  |t č. 27-52 + príl.  |w 2026-02-21  |y PREZ 
952 |0 0  |1 0  |4 0  |7 0  |8 0  |a SNK  |b SNK  |d 2010-03-30  |f 1  |i snk2010/6534  |l 0  |o snkČSB 5686/2008/1  |p 17A0635620  |r 2026-02-21 19:32:16  |t č. 1-27  |w 2026-02-21  |y PREZ 
952 |0 0  |1 0  |4 0  |7 0  |8 0  |a SNK  |b SNK  |d 2010-03-30  |i snk2010/6535  |l 0  |o snkČSB 5686/2008/1 D1  |p 17A0617462  |r 2026-02-21 19:32:16  |t č. 1-27  |w 2026-02-21  |y PREZ 
952 |0 0  |1 0  |4 0  |7 0  |8 0  |a SNK  |b SNK  |d 2010-03-30  |f 1  |i snk2010/6536  |l 0  |o snkČSB 5686/2008/2  |p 17A0617463  |r 2026-02-21 19:32:16  |t č. 28-52  |w 2026-02-21  |y PREZ 
952 |0 0  |1 0  |4 0  |7 0  |8 0  |a SNK  |b SNK  |d 2010-03-30  |i snk2010/6537  |l 0  |o snkČSB 5686/2008/2 D1  |p 17A0617464  |r 2026-02-21 19:32:16  |t č. 28-52  |w 2026-02-21  |y PREZ 
952 |0 0  |1 0  |4 0  |7 0  |8 0  |a SNK  |b SNK  |d 2024-07-12  |i snk2024/11091  |l 0  |o snkČSB 5686/2021/1 D1  |p 17A1523775  |r 2026-02-21 19:35:43  |t č. 1-26  |w 2026-02-21  |y PREZ 
952 |0 0  |1 0  |4 0  |7 0  |8 0  |a SNK  |b SNK  |d 2024-07-12  |i snk2024/11094  |l 0  |o snkČSB 5686/2021/2 D1  |p 17A1523776  |r 2026-02-21 19:35:43  |t č. 27-52  |w 2026-02-21  |y PREZ 
952 |0 0  |1 0  |4 0  |7 0  |8 0  |a SNK  |b SNK  |d 2024-07-12  |i snk2024/11097  |l 0  |o snkČSB 5686/2023/1  |p 17A1523778  |r 2026-02-21 19:35:43  |t č. 1-26  |w 2026-02-21  |y PREZ 
952 |0 0  |1 0  |4 0  |7 0  |8 0  |a SNK  |b SNK  |d 2024-07-12  |i snk2024/11100  |l 0  |o snkČSB 5686/2023/2  |p 17A1523777  |r 2026-02-21 19:35:43  |t č. 27-52  |w 2026-02-21  |y PREZ 
952 |0 0  |1 0  |4 0  |7 0  |8 0  |a SNK  |b SNK  |d 2024-07-12  |i snk2024/11102  |l 0  |o snkČSB 5686/2023/1 D1  |p 17A1523779  |r 2026-02-21 19:35:43  |t č. 1-26, neúplné  |w 2026-02-21  |y PREZ  |z Chýba č. 3 
952 |0 0  |1 0  |4 0  |7 0  |8 0  |a SNK  |b SNK  |d 2024-07-12  |i snk2024/11059  |l 0  |o snkČSB 5686/2020/1 D1  |p 17A1523773  |r 2026-02-21 19:48:06  |t č. 1-27  |w 2026-02-21  |y PREZ 
952 |0 0  |1 0  |4 0  |7 0  |8 0  |a SNK  |b SNK  |d 2024-07-12  |i snk2024/11066  |l 0  |o snkČSB 5686/2020/2 D1  |p 17A1523774  |r 2026-02-21 19:48:06  |t č. 28-53  |w 2026-02-21  |y PREZ 
952 |0 0  |1 0  |4 0  |7 0  |8 0  |a SNK  |b SNK  |d 2024-07-12  |i snk2024/11105  |l 0  |o snkČSB 5686/2023/2 D1  |p 17A1523780  |r 2026-02-21 19:48:06  |t č. 27-52  |w 2026-02-21  |y PREZ 
952 |0 0  |1 0  |4 0  |7 0  |8 0  |a SNK  |b SNK  |d 2023-08-14  |i snk2023/12004  |l 0  |o snkČSB 5686/2022/1  |p 17A1521333  |r 2026-02-21 19:48:36  |t č. 1-26   |w 2026-02-21  |y PREZ 
952 |0 0  |1 0  |4 0  |7 0  |8 0  |a SNK  |b SNK  |d 2023-08-14  |i snk2023/12011  |l 0  |o snkČSB 5686/2022/2  |p 17A1521334  |r 2026-02-21 19:48:36  |t č. 27-52  |w 2026-02-21  |y PREZ 
952 |0 0  |1 0  |4 0  |7 0  |8 0  |a SNK  |b SNK  |d 2023-08-14  |i snk2023/12045  |l 0  |o snkČSB 5686/2022/1 D1  |p 17A1521335  |r 2026-02-21 19:48:36  |t č. 1-26  |w 2026-02-21  |y PREZ 
952 |0 0  |1 0  |4 0  |7 0  |8 0  |a SNK  |b SNK  |d 2023-08-14  |i snk2023/12047  |l 0  |o snkČSB 5686/2022/2 D1  |p 17A1521336  |r 2026-02-21 19:48:36  |t č. 27-52  |w 2026-02-21  |y PREZ 
952 |0 0  |1 0  |4 0  |7 0  |8 0  |a SNK  |b SNK  |d 2013-04-24  |f 1  |i snk2013/9431  |l 0  |o snkČSB 5686/2012/1  |p 17A0868046  |r 2026-02-21 19:56:21  |t č. 2-26  |w 2026-02-21  |y PREZ 
952 |0 0  |1 0  |4 0  |7 0  |8 0  |a SNK  |b SNK  |d 2022-09-14  |i snk2022/14039  |l 0  |o snkČSB 5686/2021/1  |p 17A1464083  |r 2026-02-21 20:01:02  |t č. 1-26  |w 2026-02-21  |y PREZ 
952 |0 0  |1 0  |4 0  |7 0  |8 0  |a SNK  |b SNK  |d 2022-09-14  |i snk2022/14040  |l 0  |o snkČSB 5686/2021/2  |p 17A1464084  |r 2026-02-21 20:01:02  |t č. 27-52  |w 2026-02-21  |y PREZ 
952 |0 0  |1 0  |4 0  |7 0  |8 0  |a SNK  |b SNK  |d 2011-04-29  |f 1  |i snk2011/9745  |l 0  |o snkČSB 5686/2009/1  |p 17A0672276  |r 2026-02-21 20:06:13  |t č. 2-27  |w 2026-02-21  |y PREZ 
952 |0 0  |1 0  |4 0  |7 0  |8 0  |a SNK  |b SNK  |d 2011-04-29  |i snk2011/9746  |l 0  |o snkČSB 5686/2009/1 D1  |p 17A0672275  |r 2026-02-21 20:06:13  |t č. 2-27  |w 2026-02-21  |y PREZ 
952 |0 0  |1 0  |4 0  |7 0  |8 0  |a SNK  |b SNK  |d 2011-04-29  |f 1  |i snk2011/9747  |l 0  |o snkČSB 5686/2009/2  |p 17A0672274  |r 2026-02-21 20:06:13  |t č. 28-53, neúplné  |w 2026-02-21  |y PREZ  |z Chýba č. 51 
952 |0 0  |1 0  |4 0  |7 0  |8 0  |a SNK  |b SNK  |d 2011-04-29  |i snk2011/9751  |l 0  |o snkČSB 5686/2009/2 D1  |p 17A0672273  |r 2026-02-21 20:06:13  |t č. 28-53, neúplné  |w 2026-02-21  |y PREZ  |z Chýba č. 51. 
952 |0 0  |1 0  |4 0  |7 0  |8 0  |a SNK  |b SNK  |d 2013-04-24  |f 1  |i snk2013/9432  |l 0  |o snkČSB 5686/2012/2  |p 17A0868047  |r 2026-02-21 20:14:31  |t č. 27-52  |w 2026-02-21  |y PREZ 
952 |0 0  |1 0  |4 0  |7 0  |8 0  |a SNK  |b SNK  |d 2013-04-24  |f 1  |i snk2013/9429  |l 0  |o snkČSB 5686/2006/1  |p 17A0868044  |r 2026-02-21 20:30:58  |t č. 1-26, neúplné  |w 2026-02-21  |y PREZ  |z Chýba č. 7 
952 |0 0  |1 0  |4 0  |7 0  |8 0  |a SNK  |b SNK  |d 2013-04-24  |i snk2013/9430  |l 0  |o snkČSB 5686/2006/2  |p 17a0868045  |r 2026-02-21 20:30:58  |t č. 27-52  |w 2026-02-21  |y PREZ 
952 |0 0  |1 0  |4 0  |7 0  |8 0  |a SNK  |b SNK  |d 2013-04-24  |i snk2013/9435  |l 0  |o snkČSB 5686/2012/1 D1  |p 17A0868048  |r 2026-02-21 20:30:58  |t č. 2-26  |w 2026-02-21  |y PREZ 
952 |0 0  |1 0  |4 0  |7 0  |8 0  |a SNK  |b SNK  |d 2013-04-24  |i snk2013/9436  |l 0  |o snkČSB 5686/2012/2 D1  |p 17A0868049  |r 2026-02-21 20:30:58  |t č. 27-52  |w 2026-02-21  |y PREZ 
952 |0 0  |1 0  |4 0  |7 0  |8 0  |a SNK  |b SNK  |d 2013-04-16  |f 1  |i snk2013/8524  |l 0  |o snkČSB 5686/2002/1  |p 17A0867976  |r 2026-02-21 20:30:59  |t č. 1-26, neúplné  |w 2026-02-21  |y PREZ  |z Chýba č. 6, 21, 24 
952 |0 0  |1 0  |4 0  |7 0  |8 0  |a SNK  |b SNK  |d 2013-04-16  |f 1  |i snk2013/8525  |l 0  |o snkČSB 5686/2002/2  |p 17A0867977  |r 2026-02-21 20:30:59  |t č. 27-52, neúplné  |w 2026-02-21  |y PREZ  |z Chýba č. 42, 43, 51 
952 |0 0  |1 0  |4 0  |7 0  |8 0  |a SNK  |b SNK  |d 2013-04-19  |f 1  |i snk2013/8941  |l 0  |o snkČSB 5686/2003/1  |p 17A0868004  |r 2026-02-21 20:31:09  |t č. 1-26, neúplné  |w 2026-02-21  |y PREZ  |z Chýba č. 7, 13, 16, 18 
952 |0 0  |1 0  |4 0  |7 0  |8 0  |a SNK  |b SNK  |d 2013-04-19  |f 1  |i snk2013/8942  |l 0  |o snkČSB 5686/2003/2  |p 17A0868005  |r 2026-02-21 20:31:09  |t č. 27-52  |w 2026-02-21  |y PREZ 
952 |0 0  |1 0  |4 0  |7 0  |8 0  |a SNK  |b SNK  |d 2013-04-19  |f 1  |i snk2013/8943  |l 0  |o snkČSB 5686/2004/1  |p 17A0868006  |r 2026-02-21 20:31:09  |t č. 1-26, neúplné  |w 2026-02-21  |y PREZ  |z Chýba č. 7, 18 
952 |0 0  |1 0  |4 0  |7 0  |8 0  |a SNK  |b SNK  |d 2013-04-19  |f 1  |i snk2013/8945  |l 0  |o snkČSB 5686/2004/2  |p 17A0868007  |r 2026-02-21 20:31:09  |t č. 27-52  |w 2026-02-21  |y PREZ 
952 |0 0  |1 0  |4 0  |7 0  |8 0  |a SNK  |b SNK  |d 2013-04-26  |f 1  |i snk2013/9715  |l 0  |o snkČSB 5686/2011/1  |p 17A0868114  |r 2026-02-21 20:31:14  |t č. 1-26  |w 2026-02-21  |y PREZ 
952 |0 0  |1 0  |4 0  |7 0  |8 0  |a SNK  |b SNK  |d 2013-04-26  |f 1  |i snk2013/9716  |l 0  |o snkČSB 5686/2011/2  |p 17A0868115  |r 2026-02-21 20:31:14  |t č. 27-52  |w 2026-02-21  |y PREZ 
952 |0 0  |1 0  |4 0  |7 0  |8 0  |a SNK  |b SNK  |d 2013-04-26  |i snk2013/9717  |l 0  |o snkČSB 5686/2011/2 D1  |p 17A0868116  |r 2026-02-21 20:31:14  |t č. 27-52  |w 2026-02-21  |y PREZ  |z chýba č. 48 
952 |0 0  |1 0  |4 0  |7 0  |8 0  |a SNK  |b SNK  |d 2013-04-26  |i snk2013/9718  |l 0  |o snkČSB 5686/2011/1 D1  |p 17A0868117  |r 2026-02-21 20:31:14  |t č. 1-26  |w 2026-02-21  |y PREZ 
952 |0 0  |1 0  |4 0  |7 0  |8 0  |a SNK  |b SNK  |d 2013-04-26  |f 1  |i snk2013/9711  |l 0  |o snkČSB 5686/2010/1  |p 17A0868111  |r 2026-02-21 20:31:24  |t č. 1-26  |w 2026-02-21  |y PREZ 
952 |0 0  |1 0  |4 0  |7 0  |8 0  |a SNK  |b SNK  |d 2013-04-26  |f 1  |i snk2013/9712  |l 0  |o snkČSB 5686/2010/2  |p 17A0868110  |r 2026-02-21 20:31:24  |t č. 27-52  |w 2026-02-21  |y PREZ 
952 |0 0  |1 0  |4 0  |7 0  |8 0  |a SNK  |b SNK  |d 2013-04-26  |i snk2013/9713  |l 0  |o snkČSB 5686/2010/1 D1  |p 17A0868112  |r 2026-02-21 20:31:24  |t č. 1-26  |w 2026-02-21  |y PREZ 
952 |0 0  |1 0  |4 0  |7 0  |8 0  |a SNK  |b SNK  |d 2013-04-26  |i snk2013/9714  |l 0  |o snkČSB 5686/2010/2 D1  |p 17A0868113  |r 2026-02-21 20:31:24  |t č. 27-52  |w 2026-02-21  |y PREZ 
952 |0 0  |1 0  |4 0  |7 0  |8 0  |a SNK  |b SNK  |d 2014-02-10  |i snk2014/4072  |l 0  |o snkČSB 5686/2013/1  |p 17A1095009  |r 2026-02-21 20:32:08  |t č. 1-26  |w 2026-02-21  |y PREZ 
952 |0 0  |1 0  |4 0  |7 0  |8 0  |a SNK  |b SNK  |d 2014-02-10  |i snk2014/4073  |l 0  |o snkČSB 5686/2013/2  |p 17A1095010  |r 2026-02-21 20:32:09  |t č. 27-52  |w 2026-02-21  |y PREZ 
952 |0 0  |1 0  |4 0  |7 3  |8 0  |a SNK  |b SNK  |d 2025-07-15  |i snk2025/11332  |l 0  |o snkČSB 5686/2024/1  |p 17A1557373  |r 2026-02-21 21:11:08  |t č. 1-27  |w 2026-02-21  |y PREZ 
952 |0 0  |1 0  |4 0  |7 3  |8 0  |a SNK  |b SNK  |d 2025-07-15  |i snk2025/11339  |l 0  |o snkČSB 5686/2024/2  |p 17A1557374  |r 2026-02-21 21:11:08  |t č. 28-52  |w 2026-02-21  |y PREZ 
952 |0 0  |1 0  |4 0  |7 0  |8 0  |a SNK  |b SNK  |d 2025-07-15  |i snk2025/11340  |l 0  |o snkČSB 5686/2024/1 D1  |p 17A1557375  |r 2026-02-21 21:11:08  |t č. 1-27  |w 2026-02-21  |y PREZ 
952 |0 0  |1 0  |4 0  |7 0  |8 0  |a SNK  |b SNK  |d 2025-07-15  |i snk2025/11341  |l 0  |o snkČSB 5686/2024/2 D1  |p 17A1557376  |r 2026-02-21 21:11:08  |t č. 28-52  |w 2026-02-21  |y PREZ 
952 |0 0  |1 0  |4 0  |7 0  |8 0  |a SNK  |b SNK  |d 2013-04-19  |i snk2013/9006  |l 0  |o snkČSB 5686/2005/1  |p 17A0868008  |r 2026-02-21 21:12:51  |t č. 1-26, neúplné  |w 2026-02-21  |y PREZ  |z Chýba č. 20, 26 
952 |0 0  |1 0  |4 0  |7 0  |8 0  |a SNK  |b SNK  |d 2013-04-19  |i snk2013/9007  |l 0  |o snkČSB 5686/2005/2  |p 17A0868009  |r 2026-02-21 21:12:51  |t č. 27-52  |w 2026-02-21  |y PREZ 
952 |0 0  |1 0  |4 0  |7 0  |8 0  |a SNK  |b SNK  |d 2021-10-28  |i snk2021/16706  |l 0  |o snkČSB 5686/2020/1  |p 17A1461227  |r 2026-02-21 21:29:33  |t č. 1-27  |w 2026-02-21  |y PREZ 
952 |0 0  |1 0  |4 0  |7 0  |8 0  |a SNK  |b SNK  |d 2021-10-28  |i snk2021/16708  |l 0  |o snkČSB 5686/2020/2  |p 17A1461228  |r 2026-02-21 21:29:33  |t č. 28-53  |w 2026-02-21  |y PREZ 
952 |0 0  |1 0  |4 0  |7 0  |8 0  |a SNK  |b SNK  |d 2020-08-11  |i snk2020/14085  |l 0  |o snkČSB 5686/2019/1  |p 17A1431279  |r 2026-02-21 22:08:43  |t č. 1-26  |w 2026-02-21  |y PREZ 
952 |0 0  |1 0  |4 0  |7 0  |8 0  |a SNK  |b SNK  |d 2020-08-11  |i snk2020/14087  |l 0  |o snkČSB 5686/2019/2  |p 17A1431278  |r 2026-02-21 22:08:43  |t č. 27-52  |w 2026-02-21  |y PREZ 
952 |0 0  |1 0  |4 0  |7 0  |8 0  |a SNK  |b SNK  |d 2020-08-11  |i snk2020/14088  |l 0  |o snkČSB 5686/2019/1 D1  |p 17A1431277  |r 2026-02-21 22:08:43  |t č. 1-26  |w 2026-02-21  |y PREZ 
952 |0 0  |1 0  |4 0  |7 0  |8 0  |a SNK  |b SNK  |d 2020-08-11  |i snk2020/14090  |l 0  |o snkČSB 5686/2019/2 D1  |p 17A1431276  |r 2026-02-21 22:08:45  |t č. 27-52, neúplné  |w 2026-02-21  |y PREZ  |z Chýba č. 45, 50 
952 |0 0  |1 0  |4 0  |7 0  |8 0  |a SNK  |b SNK  |d 2016-03-10  |i snk2016/6949  |l 0  |o snkČSB 5686/2015/1  |p 17A1098514  |r 2026-02-21 22:09:08  |t č. 1-27 + 2 m.č.  |w 2026-02-21  |y PREZ  |z Hokejový špeciál k MS 2015 ; Automobilová jar 2015 
952 |0 0  |1 0  |4 0  |7 0  |8 0  |a SNK  |b SNK  |d 2016-03-10  |i snk2016/6957  |l 0  |o snkČSB 5686/2015/2  |p 17A1098515  |r 2026-02-21 22:09:08  |t č. 28-52 + mim. vyd.  |w 2026-02-21  |y PREZ  |z mim. vyd. Sviatkujeme ako králi 
952 |0 0  |1 0  |4 0  |7 0  |8 0  |a SNK  |b SNK  |d 2016-03-10  |i snk2016/6964  |l 0  |o snkČSB 5686/2015/1 D1  |p 17A1098516  |r 2026-02-21 22:09:08  |t č. 1-27 + 2 m. č.  |w 2026-02-21  |y PREZ  |z Hokejový špeciál k MS 2015 ; Automobilová jar 2015 
952 |0 0  |1 0  |4 0  |7 0  |8 0  |a SNK  |b SNK  |d 2016-03-10  |i snk2016/6966  |l 0  |o snkČSB 5686/2015/2 D1  |p 17A1098517  |r 2026-02-21 22:09:08  |t č. 28-52 + mim. vyd.  |w 2026-02-21  |y PREZ  |z mim. vyd. Sviatkujeme ako králi 
952 |0 0  |1 0  |4 0  |7 0  |8 0  |a SNK  |b SNK  |d 2016-03-09  |i snk2016/6813  |l 0  |o snkČSB 5686/2014/1  |p 17A1098510  |r 2026-02-21 22:09:19  |t č. 1-27 + špec.  |w 2026-02-21  |y PREZ  |z v č. 20 je Hokejový špeciál ; č. 25 je Špeciál k MS 2014 ; Veľ. sprievodca futbalovými MS 
952 |0 0  |1 0  |4 0  |7 0  |8 0  |a SNK  |b SNK  |d 2016-03-09  |i snk2016/6817  |l 0  |o snkČSB 5686/2014/2  |p 17A1098511  |r 2026-02-21 22:09:19  |t č. 28-52+ špec. Krížovky  |w 2026-02-21  |y PREZ 
952 |0 0  |1 0  |4 0  |7 0  |8 0  |a SNK  |b SNK  |d 2016-03-09  |i snk2016/6818  |l 0  |o snkČSB 5686/2014/1 D1  |p 17A1098512  |r 2026-02-21 22:09:20  |t č. 1-27 + špec.  |w 2026-02-21  |y PREZ  |z v č. 20 je Hokejový špeciál ; č. 25 je Špeciál k MS 2014 ; Veľký sprievodca futbalovými MS 
952 |0 0  |1 0  |4 0  |7 0  |8 0  |a SNK  |b SNK  |d 2016-03-09  |i snk2016/6819  |l 0  |o snkČSB 5686/2014/2 D1  |p 17A1098513  |r 2026-02-21 22:09:20  |t č. 28-52 + špec. Krížovky  |w 2026-02-21  |y PREZ 
952 |0 0  |1 0  |4 0  |7 0  |8 0  |a SNK  |b SNK  |d 2019-08-08  |i snk2019/20393  |l 0  |o snkČSB 5686/2016/1  |p 17A1370285  |r 2026-02-21 22:28:38  |t č. 1-26  |w 2026-02-21  |y PREZ 
952 |0 0  |1 0  |4 0  |7 0  |8 0  |a SNK  |b SNK  |d 2019-08-08  |i snk2019/20394  |l 0  |o snkČSB 5686/2016/2  |p 17A1370284  |r 2026-02-21 22:28:38  |t č. 27-52, neúplné  |w 2026-02-21  |y PREZ  |z Chýba č. 33 
952 |0 0  |1 0  |4 0  |7 0  |8 0  |a SNK  |b SNK  |d 2019-08-08  |i snk2019/20395  |l 0  |o snkČSB 5686/2017/1  |p 17A1370283  |r 2026-02-21 22:28:38  |t č. 1-26  |w 2026-02-21  |y PREZ 
952 |0 0  |1 0  |4 0  |7 0  |8 0  |a SNK  |b SNK  |d 2019-08-08  |i snk2019/20399  |l 0  |o snkČSB 5686/2017/2  |p 17A1370282  |r 2026-02-21 22:28:38  |t č. 27-52  |w 2026-02-21  |y PREZ 
952 |0 0  |1 0  |4 0  |7 0  |8 0  |a SNK  |b SNK  |d 2019-08-08  |i snk2019/20403  |l 0  |o snkČSB 5686/2018/1  |p 17A1370281  |r 2026-02-21 22:28:38  |t č. 1-27  |w 2026-02-21  |y PREZ 
952 |0 0  |1 0  |4 0  |7 0  |8 0  |a SNK  |b SNK  |d 2019-08-08  |i snk2019/20407  |l 0  |o snkČSB 5686/2018/2  |p 17A1370279  |r 2026-02-21 22:28:38  |t č. 28-52, neúplné  |w 2026-02-21  |y PREZ  |z Chýba č. 37, 44 
952 |0 0  |1 0  |4 0  |7 0  |8 0  |a SNK  |b SNK  |d 2019-08-08  |i snk2019/20412  |l 0  |o snkČSB 5686/2016/1 D1  |p 17A1370280  |r 2026-02-21 22:28:38  |t č. 1-26  |w 2026-02-21  |y PREZ 
952 |0 0  |1 0  |4 0  |7 0  |8 0  |a SNK  |b SNK  |d 2019-08-08  |i snk2019/20414  |l 0  |o snkČSB 5686/2016/2 D1  |p 17A1370461  |r 2026-02-21 22:28:38  |t č. 27-52, neúplné  |w 2026-02-21  |y PREZ  |z Chýba č. 33 
952 |0 0  |1 0  |4 0  |7 0  |8 0  |a SNK  |b SNK  |d 2019-08-08  |i snk2019/20416  |l 0  |o snkČSB 5686/2017/1 D1  |p 17A1370460  |r 2026-02-21 22:28:38  |t č. 1-26  |w 2026-02-21  |y PREZ 
952 |0 0  |1 0  |4 0  |7 0  |8 0  |a SNK  |b SNK  |d 2019-08-08  |i snk2019/20417  |l 0  |o snkČSB 5686/2017/2 D1  |p 17A1370459  |r 2026-02-21 22:28:39  |t č. 27-52, neúplné  |w 2026-02-21  |y PREZ  |z Chýba č. 40-45, 47, 48 
952 |0 0  |1 0  |4 0  |7 0  |8 0  |a SNK  |b SNK  |d 2019-08-08  |i snk2019/20420  |l 0  |o snkČSB 5686/2018/1 D1  |p 17A1370458  |r 2026-02-21 22:28:39  |t č. 1-27  |w 2026-02-21  |y PREZ 
952 |0 0  |1 0  |4 0  |7 0  |8 0  |a SNK  |b SNK  |d 2019-08-08  |i snk2019/20421  |l 0  |o snkČSB 5686/2018/2 D1  |p 17A1370457  |r 2026-02-21 22:28:39  |t č. 28-52, neúplné  |w 2026-02-21  |y PREZ  |z Chýba č. 37, 44